000 00311nam a22001457a 4500
008 210511b ||||| |||| 00| 0 eng d
020 _a9780486207445
041 _aeng
080 _a611
082 _a611
100 _a7
101 _aANA
245 _aArt Students' Anatomy
_cFarris,E.J
942 _2udc
_cBK
999 _c57258
_d57258